Hodnotenie sociálnej situácie obyvateľstva r. 1996 na základe štatistickej údajovej základne ÚMP SVR SR. 1

Hodnotenie vývoja sociálnej situácie obyvateľstva uskutočnené MP SVR v r. 1996. Dokumenty, týkajúce sa sociálnej oblasti, štátnej koncepcie rodinnej politiky, zamestnaneckej politiky a bezpečnosti pri práci (1989 - 1996). Vývoj základných makroekonomických ukazovateľov týkajúcich sa politiky sociáln...

Description complète

Enregistré dans:
Détails bibliographiques
Auteur principal: Krížková, Elena
Format: Chapitre de livre
Langue:slovaque
Sujets:
Tags: Ajouter un tag
Pas de tags, Soyez le premier à ajouter un tag!

MARC

LEADER 00000naa a2200000 4500
001 r026666
005 20230424121143.7
041 0 |a slo 
044 |a SK 
245 1 0 |a Hodnotenie sociálnej situácie obyvateľstva r. 1996 na základe štatistickej údajovej základne ÚMP SVR SR. 1  |c E. Krížková 
520 |a Hodnotenie vývoja sociálnej situácie obyvateľstva uskutočnené MP SVR v r. 1996. Dokumenty, týkajúce sa sociálnej oblasti, štátnej koncepcie rodinnej politiky, zamestnaneckej politiky a bezpečnosti pri práci (1989 - 1996). Vývoj základných makroekonomických ukazovateľov týkajúcich sa politiky sociálnej práce a rodiny získaných ŠÚ SR. Vývoj situácie v mzdách, počte pracovníkov, sociálnom zabezpečení a hodnotenie životnej úrovne. 
610 2 0 |a situácia sociálna 
610 2 0 |a politika sociálna 
610 2 0 |a politika zamestnanosti 
610 2 0 |a politika rodinná 
610 2 0 |a dokumenty 
610 2 0 |a úroveň životná 
610 2 0 |a 1989-1996 
610 2 0 |a údaje štatistické 
100 1 |a Krížková, Elena